| 000 | 01534naa a22003137a 4500 | ||
|---|---|---|---|
| 001 | BR8601610 | ||
| 003 | BR-BrBNA | ||
| 005 | 20240918175636.0 | ||
| 007 | ta | ||
| 008 | 230509b bl.||||| |||| 00| 0 por d | ||
| 040 |
_aBR-BrBNA _bpor _cBiblioteca Nacional de Agricultura |
||
| 041 | _a(Pt) | ||
| 072 |
_aL51 _b5300 |
||
| 090 | _aL51 BR8601610 | ||
| 100 | 1 | _aTardin, A.C. | |
| 111 | 1 |
_a1. Congresso Latino de Veterinarios Especialistas em Suinos; 2. Congresso Brasileiro de Veterinarios Especialistas em Suinos _cRio de Janeiro, RJ (Brazil) _d18-22 Nov 1985 |
|
| 245 | 1 | _aFisiologia digestiva e nutricao no desmame precoce de leitoes | |
| 246 | 1 | _a[Digestive physiology and nutrition in the early weaning of piglet] | |
| 246 | 1 | _a[Annals of the 1. Latin Congress of Veterinarians Specialist in Swine and 2. Brazilian Congress of Veterinarians Specialist in Swine] | |
| 260 | 3 |
_aSao PaulO, SP (Brasil): _bGessuli ed., _c1985. |
|
| 500 | _aAnais do 1. Congresso Latino de Veterinarios Especialistas em Suinos e 2. Congresso Brasileiro de Veterinarios Especialistas em Suinos Sao PaulO, SP (Brasil): Gessuli ed., 1985. p. 33-57 (BR8601610-AM)L51 | ||
| 650 | _aLEITAO | ||
| 650 | _aDESMAMA PRECOCE | ||
| 650 | _aCRESCIMENTO | ||
| 650 | _aCOLOSTRO | ||
| 773 | 0 |
_tAnais do 1. Congresso Latino de Veterinarios Especialistas em Suinos e 2. Congresso Brasileiro de Veterinarios Especialistas em Suinos _wL51 BR8601610 _gSao PaulO, SP (Brasil), 1985. p. 33-57 |
|
| 909 |
_a202404 _bLucia _c55 _dLucia Elande |
||
| 942 |
_cAM _2AGRIS |
||
| 999 |
_c317579 _d317579 |
||